00302 2200133 4500001002100000005001500021035002000036245003800056260003000094082000800124084001200132990001200144990001200156INLIS00000000000262520250605030421 a0010-0625000211 aMelacak Alam /cHans Jurgan Press aBandung :bAngkasa,c2002 a600 a600 MEL a0320141 a0320142